[Event "Heusenstamm Sparkassen op-B 7th"]
[Site "Heusenstamm"]
[Date "2021.11.20"]
[Round "5.29"]
[White "Huang, Luca Hanson"]
[Black "Schoenfeld, Ulrich"]
[Result "1/2-1/2"]
[WhiteElo "1429"]
[BlackElo "1610"]
[PlyCount "66"]
[EventDate "2021.11.18"]
[EventType "swiss"]
[EventRounds "7"]
[EventCountry "GER"]
[SourceTitle "EXT 2023"]
[Source "ChessBase"]
[SourceDate "2022.10.05"]
[SourceVersion "1"]
[SourceVersionDate "2022.10.05"]
[SourceQuality "1"]

1. e4 c5 2. Nf3 d6 3. d4 cxd4 4. Nxd4 Nf6 5. Nc3 a6 6. Be2 e5 7. Nf3 Be7 8. Be3 0-0 9. Qd3 Ng4 10. Nd5 Nxe3 11. Qxe3 Nd7 12. 0-0 b5 13. c4 bxc4 14. Bxc4 Rb8 15. Rac1 Rxb2 16. Qc3 Rb8 17. Bb3 Nc5 18. Nxe5 Bb7 19. Nxf7 Rxf7 20. Nxe7+ Qxe7 21. Bxf7+ Qxf7 22. e5 Qd5 23. Qg3 dxe5 24. Rfd1 Ne4 25. Rxd5 Nxg3 26. Rxe5 Ne4 27. Rb1 Rd8 28. f3 Nd6 29. Re7 Bd5 30. Rb6 Nc8 31. Rb8 Nxe7 32. Rxd8+ Kf7 33. a3 Ke6 1/2-1/2

[Event "Heusenstamm Sparkassen op-B 7th"]
[Site "Heusenstamm"]
[Date "2021.11.19"]
[Round "2.2"]
[White "Merges, Harald"]
[Black "Schoenfeld, Ulrich"]
[Result "1-0"]
[WhiteElo "1781"]
[BlackElo "1610"]
[PlyCount "77"]
[EventDate "2021.11.18"]
[EventType "swiss"]
[EventRounds "7"]
[EventCountry "GER"]
[SourceTitle "EXT 2023"]
[Source "ChessBase"]
[SourceDate "2022.10.05"]
[SourceVersion "1"]
[SourceVersionDate "2022.10.05"]
[SourceQuality "1"]

1. e4 c5 2. c3 d5 3. exd5 Nf6 4. Nf3 Nxd5 5. d4 cxd4 6. Nxd4 e6 7. Nd2 Be7 8. N2f3 0-0 9. Be2 a6 10. 0-0 Qc7 11. c4 Nf4 12. Bxf4 Qxf4 13. Qc2 Nd7 14. Rfe1 Nf6 15. Bf1 Re8 16. a3 Bd6 17. Rad1 Bc7 18. g3 Qh6 19. Qd2 Qxd2 20. Rxd2 e5 21. Rde2 Bg4 22. h3 Bxf3 23. Nxf3 Nd7 24. Rd2 Rad8 25. Red1 Re7 26. Bg2 Kf8 27. Ng5 h6 28. Ne4 Ke8 29. Nc3 Nc5 30. Nd5 Ne6 31. Nxe7 Rxd2 32. Rxd2 Kxe7 33. Bxb7 Nc5 34. Bc6 Bd6 35. b4 Nb3 36. Rd5 Nd4 37. Bb7 Ne2+ 38. Kf1 Nc3 39. Ra5 1-0

[Event "Main Vogelsberg op 15th"]
[Site "Waechtersbach"]
[Date "2021.10.03"]
[Round "4.22"]
[White "Schoenfeld, Ulrich"]
[Black "Kaehm, Kevin"]
[Result "0-1"]
[WhiteElo "1494"]
[BlackElo "1661"]
[PlyCount "75"]
[EventDate "2021.10.01"]
[EventType "swiss"]
[EventRounds "5"]
[EventCountry "GER"]
[SourceTitle "EXT 2023"]
[Source "ChessBase"]
[SourceDate "2022.10.05"]
[SourceVersion "1"]
[SourceVersionDate "2022.10.05"]
[SourceQuality "1"]

1. c4 Nf6 2. g3 g6 3. Bg2 Bg7 4. Nc3 Nc6 5. e4 e5 6. Nge2 0-0 7. 0-0 Nd4 8. d3 c5 9. h3 a6 10. f4 d6 11. Nxd4 cxd4 12. Nd5 Nxd5 13. cxd5 Bd7 14. f5 Qb6 15. f6 Bh8 16. h4 Rfc8 17. h5 Rc7 18. Qf3 Rac8 19. hxg6 hxg6 20. b3 Rc2 21. Bh6 Qa5 22. Bg7 Rxa2 23. Rxa2 Qxa2 24. Bxh8 Kxh8 25. g4 Qd2 26. Qh3+ Kg8 27. Kh1 Rc2 28. Rf3 Qg5 29. Rg3 Qxf6 30. Rf3 Qg5 31. Rg3 Kg7 32. Bf1 Qh6 33. Qxh6+ Kxh6 34. Rh3+ Kg7 35. Rg3 Rc3 36. b4 Rb3 37. g5 Rxb4 38. Rg2 0-1